|
|
|
|
| LEADER |
00000nam0a2200000 4500 |
| 001 |
27839 |
| 005 |
20250530134447.0 |
| 010 |
|
|
|a 5020087319
|
| 035 |
|
|
|a (RuTPU)RU\TPU\book\28094
|
| 035 |
|
|
|a BOOK00028169
|
| 090 |
|
|
|a 27839
|
| 100 |
|
|
|a 20011209d2001 km y0rusy50 ca
|
| 101 |
0 |
|
|a rus
|
| 102 |
|
|
|a RU
|
| 105 |
|
|
|a y z 010zy
|
| 200 |
1 |
|
|a Славяне и их соседи
|h Вып. 10. Славяне и кочевой мир
|
| 210 |
|
|
|a Москва
|c Наука
|d 2001
|
| 215 |
|
|
|a 304 с.
|
| 300 |
|
|
|a К 75-летию акад. Г. Г. Литаврина.
|
| 606 |
|
|
|a Международные отношения
|x История
|y Россия
|9 81492
|
| 610 |
1 |
|
|a славяне
|
| 610 |
1 |
|
|a средние века
|
| 610 |
1 |
|
|a кочевники
|
| 610 |
1 |
|
|a Золотая орда
|
| 610 |
1 |
|
|a 16 век
|
| 610 |
1 |
|
|a 17 век
|
| 686 |
|
|
|a Т3(2)-6
|2 rubbk
|
| 686 |
|
|
|a Т3(2)41
|2 rubbk
|
| 801 |
|
0 |
|a RU
|b 63413507
|c 20011209
|g PSBO
|
| 801 |
|
2 |
|a RU
|b 63413507
|c 20120831
|g PSBO
|
| 850 |
|
|
|a 63413507
|
| 942 |
|
|
|c BK
|